000 01440cam a22004814i 4500
003 PE-LiUPU
005 20250905115946.0
008 150623s r 000 0 d
020 _a0816022186
035 _a(Sirsi) i9780816022182
040 _aPE-LiUPU
_bspa
_cPE-LiUPU
_erda
049 _aPRUA
082 0 4 _a935
_bR628c
_221
100 1 _aRoaf, Michael,
_eautor.
245 1 0 _aCultural atlas of Mesopotamia and the ancient Near East /
_cMichael Roaf.
264 1 _aOxfordshire, England :
_bAndromeda Oxford,
_c1996.
300 _a238 páginas :
_bilustraciones láms. a color ;
_c31 cm
336 _atext
_2rdacontent
337 _aunmediated
_2rdamedia
338 _avolume
_2rdacarrier
500 _aIncluye cronologías, listas de reyes y mapas.
504 _aIncluye referencias bibliográficas e índice.
505 0 _aVillages. -Cities. -Empires. -Special features. -Site features. -King lists. -List of maps.
526 _aSEG44
526 _aSEG26
526 _aP151
526 _aP150
526 _aP149
526 _aP146
526 _aP145
526 _aP126
526 _aP125
526 _aP92
526 _aP75
526 _aP74
526 _aP27
526 _aP15
650 2 4 _aArqueología
_zMesopotamia
_xAtlas.
_96822
651 1 4 _aMesopotamia
_xCivilización
_xAtlas.
_96821
942 _2ddc
_cBK
980 _818226
_gJaime Vilcazán Jefe de Análisis Documental
999 _c21640
_d21640